Machine Learning Using R (Record no. 12616)

MARC details
000 -LEADER
fixed length control field 00394nam a22001697a 4500
003 - CONTROL NUMBER IDENTIFIER
control field OSt
008 - FIXED-LENGTH DATA ELEMENTS--GENERAL INFORMATION
fixed length control field 240504b |||||||| |||| 00| 0 eng d
020 ## - INTERNATIONAL STANDARD BOOK NUMBER
International Standard Book Number 978-9354246111
082 ## - DEWEY DECIMAL CLASSIFICATION NUMBER
Classification number 006.31 KUM
100 ## - MAIN ENTRY--PERSONAL NAME
Personal name KUMAR, Rahul
245 ## - TITLE STATEMENT
Title Machine Learning Using R
250 ## - EDITION STATEMENT
Edition statement 1st Ed
260 ## - PUBLICATION, DISTRIBUTION, ETC. (IMPRINT)
Place of publication, distribution, etc New Delhi
Name of publisher, distributor, etc Wiley India
Date of publication, distribution, etc 2022
300 ## - PHYSICAL DESCRIPTION
Extent 430
700 ## - ADDED ENTRY--PERSONAL NAME
Personal name KUMAR, Dinesh
942 ## - ADDED ENTRY ELEMENTS (KOHA)
Source of classification or shelving scheme Dewey Decimal Classification
Koha item type Text Books
Holdings
Withdrawn status Lost status Source of classification or shelving scheme Damaged status Not for loan Collection code Home library Current library Date acquired Source of acquisition Currency Cost, normal purchase price Bill Number Total Checkouts Full call number Acc. no. / Barcode Date last seen Actual Cost, discounted price Bill Date Koha item type
    Dewey Decimal Classification     MCA PIET C-LIBRARY PIET C-LIBRARY 06/04/2024 Zafaa Books and Distributors In rupees 829.00 ZBD0004   006.31 KUM 37121 04/05/2024 601.02 06/04/2024 Reference Books
    Dewey Decimal Classification     MCA PIET C-LIBRARY PIET C-LIBRARY 06/04/2024 Zafaa Books and Distributors In rupees 829.00 ZBD0004   006.31 KUM 37122 04/05/2024 601.02 06/04/2024 Text Books
    Dewey Decimal Classification     MCA PIET C-LIBRARY PIET C-LIBRARY 06/04/2024 Zafaa Books and Distributors In rupees 829.00 ZBD0004   006.31 KUM 37123 04/05/2024 601.02 06/04/2024 Text Books
    Dewey Decimal Classification     Computer Science & Engineering in Cyber Security PIET C-LIBRARY PIET C-LIBRARY 06/04/2024 Zafaa Books and Distributors In rupees 829.00 ZBD0004   006.31 KUM 37124 04/05/2024 601.02 06/04/2024 Text Books
    Dewey Decimal Classification     Computer Science and Engineering in AI & Machine Learning PIET C-LIBRARY PIET C-LIBRARY 06/04/2024 Zafaa Books and Distributors In rupees 829.00 ZBD0004   006.31 KUM 37125 04/05/2024 601.02 06/04/2024 Text Books

Design & Developed by: PIET Central Library
R70 Miles Stone Pattikalyana Samalkha Panipat 132102
mail ID :- [email protected], Phone No:- 0180-2569700 Ex.216